000 00606nam a2200169Ia 4500
008 110201s9999 xx 000 0 und d
082 _bB1991
_aKS 211
100 _aमाडगुळकर ग. दि.
245 _aबांधावरच्या बाभळी
260 _bकुलकर्णी ग्रंथगार
365 _b10
600 _aमाडगुळकर ग. दि.
630 _aबांधावरच्या बाभळी
700 _aमाडगुळकर ग. दि.
730 _aबांधावरच्या बाभळी
942 _cBOOK
999 _c829098
_d829095